000 00670nam a2200205 i 4500
001 75775
003 ES-MaACL
005 20250807081302.0
007 t|
008 040927s1960 sp |||| | spa d
100 1 _aGuarise, Serafino.
_960337
245 1 0 _aDicha de vivir
_b: (psicología del noviazgo y del matrimonio) /
_cSerafino Guarise ; versión española por José Zahonero Vivó.
260 _aAlcoy :
_bMarfil,
_c1960 (
_fImp. Artística)
300 _a268 p. ;
_c25 cm.
650 0 7 _aMatrimonio
_2embne
_914855
650 0 4 _aNoviazgo.
_915640
700 1 _aZahonero Vivó, José.
_9117851
852 _aES-MaACL
_jC-18662
999 _c75775
_d75775